000 00630nam a2200229Ia 4500
003 OSt
005 20220918201723.0
006 a|||||r|||| 00| 0
007 ta
008 220917b |||||||| |||| 00| 0 eng d
024 _a95,980
037 _cTextual
040 _aARTS
_cARTS
_beng
041 _2eng
_aeng
082 _aV1N48:1:N64<-N55, K6 (906)
245 0 _aDecade of the commonwealth 1955-1964
260 _c1966
490 _aDuke university commonwelth studies center publications; 25
650 _aHISTORY
942 _hV1N48:1:N64<-N55, K6 (906)
_cTEXL
_2CC
999 _c219596
_d219596